Quiz sur la musique francophone VOL5 - Statistiques

Statistiques générales
  • Ce quiz a été pris 23 fois
  • Le résultat moyen est 8 sur 15
Statistiques - réponses
Question Réponse % Correct
Complète les paroles de Christophe Willem "Double Je" : Quand je serai grand, qu'on se le dise Je serai vendeur dans les magasins (faudrait savoir c'que tu veux) En attendant, je me déguise ... En chanteur dans ma salle de bain
91%
Quel est le vrai nom d'Orelsan? Aurélien Cotentin
87%
Qui est le chanteur du groupe Noir Désir? Bertrand Cantat
83%
Quel titre de chanson n'existe pas? Moscou Kiev
74%
Quelle chanson n'est pas interprétée par Renaud? Né quelque part
74%
Dans quel groupe Calogero a démarré sa carrière? Les Charts
57%
Qui est lauréat de la révalation masculine aux Victoires de la Musique 2026? Sam Sauvage
52%
Lequel de ces albums de Vanessa Paradis a été concocté par Serge Gainsbourg et Franck Langolff?
48%
Qui interprète "Emmène-moi danser ce soir" en 1978? Michèle Torr
48%
Quelle actrice n'a jamais enregistré d'album? Audrey Tautou
43%
Quel artiste de musique électronique n'est pas francophone? Zedd
43%
Quels sont les noms d'albums de Benjamin Biolay? Palermo Hollywood / Le disque bleu / Vengeance
39%
Quel est le nom du premier album de JUL sorti en 2014? Dans ma paranoïa
35%
Qui a signé la bande originale du film "La marche de l'empereur" en 2005? Emilie Simon
35%
Quel pays Lara Fabian a représenté à l'Eurovision? Luxembourg
35%
Aucun quiz correspondant
Distribution des résultats
% des personnes avec chaque résultat
Percentile par nombre de réponses
Votre historique - résultats
Vous n’avez pas pris ce quiz